The Holy Bible: (Record no. 20028)

MARC details
000 -LEADER
fixed length control field 00502nam a22001697a 4500
003 - CONTROL NUMBER IDENTIFIER
control field BDDh-ASL
005 - DATE AND TIME OF LATEST TRANSACTION
control field 20231015025833.0
008 - FIXED-LENGTH DATA ELEMENTS--GENERAL INFORMATION
fixed length control field 201224s1902 v ||||| |||| 00| 0 eng d
040 ## - CATALOGING SOURCE
Transcribing agency BDDh-ASL
082 ## - DEWEY DECIMAL CLASSIFICATION NUMBER
Classification number 220
Item number BIH
110 1# - MAIN ENTRY--CORPORATE NAME
9 (RLIN) 2566
Corporate name or jurisdiction name as entry element The Birtish and Foreign Bible Society
245 04 - TITLE STATEMENT
Title The Holy Bible:
Remainder of title Containing the Old and New Testaments /
260 ## - PUBLICATION, DISTRIBUTION, ETC.
Place of publication, distribution, etc. Victoria:
Name of publisher, distributor, etc. The Birtish and Foriegn Bible Society,
Date of publication, distribution, etc. 1902.
300 ## - PHYSICAL DESCRIPTION
Extent 921 p.:
Dimensions 17 cm.
650 #0 - SUBJECT ADDED ENTRY--TOPICAL TERM
9 (RLIN) 2558
Topical term or geographic name entry element Bible
942 ## - ADDED ENTRY ELEMENTS (KOHA)
Source of classification or shelving scheme Dewey Decimal Classification
Koha item type Books
Holdings
Withdrawn status Lost status Source of classification or shelving scheme Damaged status Not for loan Collection code Home library Current library Shelving location Date acquired Source of acquisition Total Checkouts Full call number Barcode Date last seen Copy number Price effective from Koha item type Public note
    Dewey Decimal Classification   Not For Loan Non-fiction Asiatic Society Library Asiatic Society Library General Stacks 12/24/2020 ASB Collection   220 BIH 103431 12/24/2020 C-1 12/24/2020 Books RARE

Powered by Koha